|
|
|
|
| LEADER |
01317nam a2200277 a 4500 |
| 001 |
4805 |
| 008 |
130724t19861984ctua bs 000 0 eng d |
| 010 |
|
|
|a 84023325
|
| 020 |
|
|
|a 0931816157
|
| 040 |
|
|
|a DLC
|c DLC
|d DLC
|d BD-DhAAL
|
| 082 |
0 |
0 |
|a 305.3
|2 19
|
| 245 |
0 |
0 |
|a Gender roles in development projects :
|b a case book /
|c editors, Catherine Overholt ... [et al.].
|
| 260 |
|
|
|a West Hartford, Conn. :
|b Kumarian Press,
|c c1986.
|
| 300 |
|
|
|a xiii, 326 p. :
|b ill. ;
|c 22 cm.
|
| 490 |
|
0 |
|a Kumarian Press case studies series
|
| 504 |
|
|
|a Includes bibliographies.
|
| 541 |
|
|
|e 4805
|
| 650 |
|
0 |
|a Sex role
|z Developing countries
|x Case studies.
|
| 650 |
|
0 |
|a Women
|z Developing countries
|x Economic conditions
|x Case studies.
|
| 650 |
|
0 |
|a Businesswomen
|z Developing countries
|x Case studies.
|
| 650 |
|
0 |
|a Women
|x Employment
|z Developing countries
|x Case studies.
|
| 700 |
1 |
|
|a Overholt, Catherine,
|d 1942-
|
| 852 |
1 |
|
|a Ayesha Abed Library
|j General shelf.
|
| 999 |
|
|
|c 13734
|d 13734
|
| 952 |
|
|
|0 0
|1 0
|2 ddc
|4 0
|6 305_300000000000000_GEN
|7 0
|9 22979
|a BRACUL
|b BRACUL
|c GEN
|d 2013-07-27
|g 0.00
|l 0
|o 305.3 GEN
|p 3010004805
|r 2013-07-27
|t 1
|w 2013-07-27
|y BK
|z Not price in Register
|
| 952 |
|
|
|0 0
|1 0
|2 ddc
|4 0
|6 305_300000000000000_GEN
|7 0
|9 24238
|a SCL
|b SCL
|c GEN
|d 1999-12-14
|g 0.00
|l 0
|o 305.3 GEN
|p 3020002502
|r 2014-04-28
|t 2
|w 2014-04-28
|y BK
|z Not price in Register
|